Taylor Swift - Paroles State of Grace - Statistiques

Statistiques générales
  • Ce quiz a été pris 24 fois
  • Le résultat moyen est 219 sur 266
Statistiques - réponses
Hint Réponse % Correct
a
100%
and
100%
And
100%
(And
100%
coming
100%
grace
100%
I
100%
is
100%
love
100%
Love
100%
never
100%
(never)
100%
of
100%
Saw
100%
state
100%
the
100%
this
100%
Bridge | Outro This
100%
to
100%
you
100%
Couplet 2 You
100%
Be
93%
broken
93%
go
93%
good
93%
it
93%
me
93%
play
93%
same
93%
are
86%
fast
86%
I'll
86%
in
86%
lights
86%
right
86%
Pré-refrain So
86%
(so
86%
traffic
86%
Unless
86%
we
86%
We
86%
(we
86%
blue
79%
Busy
79%
busy
79%
eyes
79%
game
79%
hearts
79%
hearts)
79%
just
79%
Just
79%
know
79%
live
79%
through
79%
touch
79%
were
79%
with
79%
all
71%
alone
71%
alone,
71%
But
71%
(But
71%
fight
71%
Couplet 1 I'm
71%
ruthless
71%
streets
71%
These
71%
walking
71%
wild
71%
wild)
71%
your
71%
don't
64%
hands
64%
I've
64%
like
64%
minds
64%
pain
64%
pain)
64%
saint
64%
saint)
64%
something
64%
You're
64%
age
57%
changing
57%
four
57%
golden
57%
hurts
57%
let
57%
lives
57%
loved
57%
my
57%
our
57%
real
57%
shades
57%
'til
57%
wrong
57%
wrong)
57%
fall
50%
learn
50%
room
50%
twin
50%
brave
43%
come
43%
fate
43%
fire
43%
Now
43%
Up
43%
around
36%
bleeds,
36%
fades
36%
or
36%
time
36%
Achilles
29%
armor
29%
cannonball
29%
clean
29%
heel
29%
Mosaic
29%
(Mosaic
29%
Pierce
29%
falls
21%
signs,
21%
worthwhile
21%
slates
14%
Aucun quiz correspondant
Distribution des résultats
% des personnes avec chaque résultat
Percentile par nombre de réponses
Votre historique - résultats
Vous n’avez pas pris ce quiz